000 00458nam a2200169Ia 4500
008 131103s9999 xx 000 0 und d
040 _aLoreto College
041 _aEnglish
082 _aF/DUG
_blCLIB/16274
100 _aDuggan,Alfred
245 _aCount Bohemond
_cAlfred Duggan;with a preface by Evelyn Waugh
260 _aNew York
_bImage Books
_c1967
300 _a280 p.
_c 18 cm.
650 _aFiction in English
850 _aLCLIB
942 _cBK
999 _c15801
_d66280